| 000 | 05175namaa22004451i 4500 | ||
|---|---|---|---|
| 003 | OSt | ||
| 005 | 20260118104332.0 | ||
| 008 | 250827s2024 ua a|||frm||| 000 0 eng d | ||
| 040 |
_aEG-GICUC _bara _cEG-GICUC _dEG-GICUC _erda |
||
| 041 | 0 |
_aara _bara _beng |
|
| 049 | _aإيداع | ||
| 082 | 0 | 4 | _a305.90806 |
| 092 |
_a305.90806 _221 |
||
| 097 | _aمــــاجستير | ||
| 099 | _aCai01.26.03.M.Sc.2024.شي.ب | ||
| 100 | 0 |
_a،شيماء جمال بهي الدين مصطفى _eإعداد. |
|
| 245 | 1 | 0 |
_aبرنامج إرشادي قائم على الدعم النفسي لخفض ضغوط الوالدية لدى أمهات الأطفال ذوي الإعاقة السمعية البصرية / _cإعداد شيماء جمال بهي الدين مصطفى؛ إشراف أ.د. هند إسماعيل إمبابي، د.نهى ضياء الدين عبدالحميد. |
| 246 | 1 | 5 | _aA program based on psychological support to reduce parental stress disorder among mothers of children with hearing- visual impairment / |
| 264 | 0 | _c2024. | |
| 300 |
_a118 صفحة : _bإيضاحيات ؛ _c25 cm. + _eCD. |
||
| 336 |
_atext _2rda content |
||
| 337 |
_aUnmediated _2rdamedia |
||
| 338 |
_avolume _2rdacarrier |
||
| 502 | _aأطروحة (ماجستير)-جامعة القاهرة، 2024. | ||
| 504 | _aببليوجرافيا: صفحات 108-114. | ||
| 520 | _aاستهدف البحث الحالي خفض اضطراب ضغوط الوالدية لدي أمهات الأطفال ذوي الاعاقة السمعية البصرية، واتبع البحث المنهج شبه التجريبي القائم على القياسين القبلي والبعدي؛ وطبق البحث على عينة عددها (8) من أمهات الأطفال ذوي الاعاقة السمعية البصرية أكاديمية الابن الصاعد لتأهيل الطفل تراوحت أعمارهم بين (30-40) سنة؛ واستخدمت الأدوات التالية: مقياس المستوي الاقتصادي الاجتماعي إعداد: محمد سعفان، دعاء خطاب )2016( ومقياس ضغوط الوالدية اعداد:هند إمبابي وسامح سعادة(2019)؛ وبرنامج قائم علي الدعم النفسي [اعداد الباحثة]؛ ، وأظهرت نتائج البحث فاعلية البرنامج القائم علي الدعم النفسي في خفض حدة ضغوط الوالدية لدي أمهات الأطفال ذوي الاعاقة السمعية البصرية كما أوضحت النتائج استمرار فاعلية البرنامج في القياس التتبعي. ويوصي البحث الحالي بضرورة إجراء المزيد من الدراسات النوعية والتجريبية على أمهات الأطفال ذوي الاعاقة السمعية البصرية وذلك لخفض مشاعر ضغوط الوالدية لدى أمهات الأطفال ذوي الاعاقة السمعية البصرية. | ||
| 520 | _aThe current research aimed to reduce parental stress among mothers of children with visual and hearing impairments. The study followed a quasi-experimental approach based on pre- and post-measurements and was applied to a sample of eight mothers of children with visual and hearing impairments from the Rising Son Academy for Child Rehabilitation. Their ages ranged between 30 and 40 years. The following tools were used: the Socioeconomic Status Scale prepared by Mohamed Saafan and Doaa Khattab (2016), and the Parental Stress Scale prepared by Hend Imbaby and Sameh Saada (2019). A psychological support-based program [prepared by the researcher] was also implemented. The research results showed the effectiveness of the psychological support-based program in reducing the level of parental stress among mothers of children with visual and hearing impairments. The results also demonstrated the continued effectiveness of the program in the follow-up measurement. The current research recommends conducting more qualitative and experimental studies on mothers of children with visual and hearing impairments to reduce feelings of parental stress among them. | ||
| 530 | _aصدر أيضًا كقرص مدمج. | ||
| 546 | _aالنص بالعربية والملخص باللغة الإنجليزية والعربية. | ||
| 650 | 7 |
_aالاطفال المعاقون _2qrmak |
|
| 650 | 7 | _aالاطفال الصم | |
| 650 | 7 |
_aالاطفال المكفوفون _2qrmak |
|
| 653 | 0 |
_aضغوط الوالدية _aالدعم النفسي _aذوي الاعاقة السمعية البصرية |
|
| 700 | 0 |
_aهند إسماعيل إمبابي _eمشرف أطروحة. |
|
| 700 | 0 |
_aنهى ضياء الدين عبدالحميد _eمشرف أطروحة. |
|
| 900 |
_b28-11-2024 _cهند إسماعيل إمبابي _cنهى ضياء الدين عبدالحميد _dسامح أحمد سيد أحمد سعادة _dإيمان أحمد خليل _Uجامعة القاهرة _Fكلية التربية للطفولة المبكرة _Dقسم العلوم النفسية |
||
| 905 |
_aSara _eAfaf |
||
| 942 |
_2ddc _cTH _e21 _n0 |
||
| 999 | _c177267 | ||